000
00344cam a2200145ua 4500
041
_a
eng
_h
082
_a
821
_b
GOR/BA
100
_a
Gordon, E V .
245
_a
Battle of maldon /
_c
E V Gordon.
_h
Textual Documents
260
_a
London :
_b
Methuen and Co. Ltd ,
_c
1956.
300
_a
86 ; .
504
_a
942
_c
BK
999
_c
5120
_d
5120